000
00298nam a2200133Ia 4500
100
_a
Geissman/T.A/ Bhattacharya
650
_a
Chemistry
942
_c
BK
654
_a
Organic
245
_a
Principles of organic chemistry
260
_b
W.H Freeman& co
_c
2001
082
_a
547
546
_a
ENGLISH
999
_c
26032
_d
26032